000 00679nam a22002417a 4500
005 20170124110254.0
010 _a311872
020 _c00.00
035 _a311872
037 _bCen Lib/Ret
040 _aDPL
_bEN
082 _a505.05954
_bINS
110 _bINSDOC
_999043
245 _aDirectory of Indian scientific periodicals 1964 /
246 _b
260 _aNew Delhi
_bIndian National Documentation Centre
_c1964
270 _bNew Delhi
300 _a133p.
_c22cm(Hb)
500 _aIncludes index
650 _aScientific periodicals -- Directory
_999044
650 _aIndian periodicals
_999045
942 _2ddc
_cEN
_h505.05954
_mINS
999 _c136123
_d136123